[Event "Druga liga Srbije grupa Vojvodina 2013"]
[Site "Stari Banovci"]
[Date "2013.11.07"]
[Round "6.3"]
[White "Jacimovic, Zoran"]
[Black "Mamuzic, Mirko"]
[Result "1/2-1/2"]
[WhiteElo "2169"]
[BlackElo "2235"]
[PlyCount "48"]
[EventDate "2013.11.04"]

1. e4 d5 2. exd5 Nf6 3. d4 Nxd5 4. Nf3 Bg4 5. Be2 e6 6. O-O Be7 7. c4 Nb6 8.
Nc3 O-O 9. Be3 Nc6 10. b3 a5 11. a4 Bf5 12. Bd3 Bg4 13. h3 Bh5 14. g4 Bg6 15.
Bxg6 hxg6 16. Ne5 Nxe5 17. dxe5 Nd7 18. f4 Nc5 19. Qc2 Qd3 20. Qxd3 Nxd3 21.
Ne4 Rfd8 22. Ra2 Rd7 23. Rd1 Rad8 24. Kf1 g5 1/2-1/2

[Event "Druga liga Srbije grupa Vojvodina 2013"]
[Site "Stari Banovci"]
[Date "2013.11.07"]
[Round "6.3"]
[White "Marjanusic, Vladimir"]
[Black "Zarin, David"]
[Result "1-0"]
[WhiteElo "2272"]
[BlackElo "1916"]
[PlyCount "65"]
[EventDate "2013.11.04"]

1. e4 c5 2. Nf3 d6 3. d4 cxd4 4. Nxd4 Nf6 5. Nc3 Nc6 6. h3 e6 7. g4 Be7 8. Bg2
O-O 9. O-O Bd7 10. Be3 Nxd4 11. Qxd4 Bc6 12. Rad1 Qa5 13. Qd2 Qc7 14. f4 Rad8
15. Qf2 b6 16. g5 Ne8 17. f5 Qb7 18. h4 f6 19. g6 hxg6 20. fxg6 f5 21. Qe2 Nf6
22. exf5 Bxg2 23. Qxg2 Qxg2+ 24. Kxg2 Ng4 25. Bg1 Rxf5 26. Rxf5 exf5 27. Kg3
Bf6 28. Bd4 Bxd4 29. Rxd4 Ne3 30. Nd5 Re8 31. Nxe3 Rxe3+ 32. Kf4 Re6 33. Kxf5
1-0

[Event "Druga liga Srbije grupa Vojvodina 2013"]
[Site "Stari Banovci"]
[Date "2013.11.07"]
[Round "6.3"]
[White "Adamov, Ivan"]
[Black "Milurovic, Uros"]
[Result "0-1"]
[WhiteElo "1901"]
[BlackElo "2082"]
[PlyCount "102"]
[EventDate "2013.11.04"]

1. e4 c6 2. d4 d5 3. e5 Bf5 4. Nf3 e6 5. Be2 c5 6. c4 Nc6 7. cxd5 exd5 8. Nc3
Nge7 9. Bg5 Qd7 10. dxc5 a6 11. Na4 Qc7 12. Nb6 Rd8 13. Qd2 h6 14. Bh4 g5 15.
Bg3 Be6 16. Bd3 Bg7 17. O-O Nxe5 18. Nxe5 Bxe5 19. Bxe5 Qxe5 20. Rae1 Qf4 21.
Qxf4 gxf4 22. Re2 f3 23. Re3 fxg2 24. Kxg2 Rg8+ 25. Kh1 Kf8 26. f4 d4 27. Re2
Nf5 28. Rg1 Ne3 29. Rxg8+ Kxg8 30. b4 Bg4 31. Rf2 Bf5 32. Bxf5 Nxf5 33. Rd2 Re8
34. Nc4 Kg7 35. Kg2 Kf6 36. Ne5 Ke6 37. Kf3 f6 38. Nc4 Kd5 39. Nb6+ Kc6 40. a4
a5 41. b5+ Kxc5 42. Nd7+ Kc4 43. Nxf6 Re3+ 44. Kg4 Nd6 45. Rd1 d3 46. Rc1+ Kd4
47. Nd7 d2 48. Rd1 Kc3 49. Nb6 Re1 50. Nd5+ Kd3 51. Rxd2+ Kxd2 0-1

[Event "Druga liga Srbije grupa Vojvodina 2013"]
[Site "Stari Banovci"]
[Date "2013.11.07"]
[Round "6.5"]
[White "Runic, Zoran"]
[Black "Moldovanovic, Dragan"]
[Result "1-0"]
[WhiteElo "2424"]
[BlackElo "2057"]
[PlyCount "92"]
[EventDate "2013.11.04"]

1. e4 c6 2. d4 d5 3. e5 Bf5 4. Nf3 e6 5. Be2 Nd7 6. O-O Be7 7. b3 c5 8. c4 a6
9. cxd5 exd5 10. Nc3 Be6 11. dxc5 Nxc5 12. Nd4 Rc8 13. f4 g6 14. f5 gxf5 15.
Bh5 Qb6 16. Be3 Nd7 17. Na4 Qa7 18. Qf3 Nxe5 19. Qg3 Ng6 20. Nxe6 Qb8 21. Ng7+
Kf8 22. Nxf5 Qxg3 23. hxg3 Nf6 24. Bxg6 fxg6 25. Nxe7 Kxe7 26. Bg5 Rc6 27.
Rae1+ Kf7 28. Re2 h6 29. Bxf6 Rxf6 30. Rxf6+ Kxf6 31. Nc5 Rh7 32. Re6+ Kf5 33.
g4+ Kg5 34. Re5+ Kxg4 35. Rxd5 Re7 36. Rd6 Kh5 37. Rb6 g5 38. Rxb7 Re2 39. a4
Kh4 40. Rb4+ g4 41. Kh2 a5 42. Rc4 h5 43. Ne4 Rb2 44. Rc3 Re2 45. Rc4 Rb2 46.
Rc5 Re2 1-0

[Event "Druga liga Srbije grupa Vojvodina 2013"]
[Site "Stari Banovci"]
[Date "2013.11.07"]
[Round "6.5"]
[White "Sekulic, Dusan"]
[Black "Radusinovic, Lazar"]
[Result "1/2-1/2"]
[WhiteElo "2298"]
[BlackElo "2281"]
[PlyCount "54"]
[EventDate "2013.11.04"]

1. d4 d5 2. Nf3 Nf6 3. c4 c6 4. e3 e6 5. Nbd2 Nbd7 6. Bd3 Bd6 7. O-O O-O 8. e4
dxe4 9. Nxe4 Nxe4 10. Bxe4 h6 11. Bc2 e5 12. c5 Bc7 13. Qd3 f5 14. Qc4+ Kh8 15.
dxe5 Nxe5 16. Nxe5 Bxe5 17. Bf4 Qd4 18. Qxd4 Bxd4 19. Bd6 Re8 20. Rae1 Bd7 21.
b3 g6 22. Rd1 Bg7 23. Bc7 Re7 24. Rd6 Be8 25. Bd8 Rd7 26. Rxd7 Bxd7 27. Bc7 Re8
1/2-1/2

[Event "Druga liga Srbije grupa Vojvodina 2013"]
[Site "Stari Banovci"]
[Date "2013.11.07"]
[Round "6.5"]
[White "Elez, Nikola"]
[Black "Azaric, Slavko"]
[Result "0-1"]
[WhiteElo "2217"]
[BlackElo "2294"]
[PlyCount "98"]
[EventDate "2013.11.04"]

1. e4 c5 2. Nf3 e6 3. b3 b6 4. Bb2 Bb7 5. Nc3 a6 6. Bd3 d6 7. O-O Nc6 8. Re1
Nf6 9. a3 Be7 10. Ne2 O-O 11. Ng3 Nd7 12. c3 b5 13. Bf1 Na5 14. d4 c4 15. b4
Nb3 16. Rb1 g6 17. Nd2 Nxd2 18. Qxd2 e5 19. Bc1 h5 20. a4 Nf6 21. f3 Nh7 22. a5
h4 23. Nh1 Bf6 24. d5 Bg5 25. Qe2 Bxc1 26. Rbxc1 Nf6 27. Nf2 Nh5 28. Qe3 Kg7
29. Rcd1 Bc8 30. Kh1 Bd7 31. Rd2 Rh8 32. Nd1 f5 33. Qf2 Qf6 34. Kg1 Raf8 35.
Qa7 Rf7 36. Qxa6 h3 37. Qb6 hxg2 38. Rxg2 Nf4 39. Rg3 fxe4 40. fxe4 Rxh2 41.
Qe3 Qh4 42. Nf2 Nh5 43. Bg2 Nxg3 44. a6 Rxf2 45. Kxf2 Ne2+ 46. Kxe2 Rxg2+ 47.
Kd1 Ra2 48. a7 Qh2 49. Re2 Bg4 0-1

[Event "Druga liga Srbije grupa Vojvodina 2013"]
[Site "Stari Banovci"]
[Date "2013.11.07"]
[Round "6.5"]
[White "Vencl, Radivoje"]
[Black "Indjic, Stefan"]
[Result "1/2-1/2"]
[WhiteElo "2284"]
[BlackElo "2097"]
[PlyCount "93"]
[EventDate "2013.11.04"]

1. e4 c5 2. f4 d5 3. e5 Nc6 4. c3 Bf5 5. Nf3 e6 6. g3 Qb6 7. d3 h6 8. Qe2 Nge7
9. Na3 Bh7 10. Bg2 Qa6 11. Bf1 b5 12. Nc2 Nc8 13. d4 c4 14. b4 Nb6 15. Ne3 Na4
16. Bb2 Nxb4 17. cxb4 Bxb4+ 18. Kf2 Bd3 19. Qd1 Nxb2 20. Qc1 Ba3 21. Qd2 Be4
22. Be2 O-O 23. Rab1 Nd3+ 24. Bxd3 Bxd3 25. f5 Bxf5 26. Nxf5 exf5 27. Nh4 Be7
28. Nxf5 Bg5 29. Qb4 Qe6 30. g4 g6 31. h4 gxf5 32. hxg5 fxg4 33. Kg3 hxg5 34.
Rh5 Qg6 35. Rbh1 Qd3+ 36. Kg2 Qe4+ 37. Kf1 Qf3+ 38. Kg1 Qe3+ 39. Kg2 Qe2+ 40.
Kg1 Qe3+ 41. Kg2 Rae8 42. Rh8+ Kg7 43. R8h7+ Kg6 44. R7h6+ Kg7 45. Rh7+ Kg6 46.
R7h6+ Kg7 47. Rh7+ 1/2-1/2

[Event "Druga liga Srbije grupa Vojvodina 2013"]
[Site "Stari Banovci"]
[Date "2013.11.07"]
[Round "6.5"]
[White "Zobenica, Ivan"]
[Black "Vucinic, Gojko"]
[Result "0-1"]
[WhiteElo "2064"]
[BlackElo "2294"]
[PlyCount "64"]
[EventDate "2013.11.04"]

1. e4 c5 2. Nf3 d6 3. d4 cxd4 4. Nxd4 Nf6 5. Nc3 g6 6. Be2 Bg7 7. Be3 Nc6 8.
O-O O-O 9. h3 Bd7 10. Qd2 a6 11. Nxc6 Bxc6 12. Bf3 b5 13. Bh6 Bxh6 14. Qxh6 Qc7
15. a3 a5 16. Qd2 Rfc8 17. Rfe1 Nd7 18. Bg4 e6 19. Nd5 Qd8 20. Nf4 Ne5 21. Nxe6
fxe6 22. Bxe6+ Nf7 23. e5 dxe5 24. Qc3 Qg5 25. f3 Bd7 26. Bxf7+ Kxf7 27. Qxe5
Qxe5 28. Rxe5 Rxc2 29. Rd5 Bc6 30. Rd6 Re8 31. Kf1 Re6 32. Rxe6 Kxe6 0-1

[Event "Druga liga Srbije grupa Vojvodina 2013"]
[Site "Stari Banovci"]
[Date "2013.11.07"]
[Round "6.5"]
[White "Stojanovic, Vlastimir"]
[Black "Gavric, Zivojin"]
[Result "1-0"]
[WhiteElo "2205"]
[BlackElo "2124"]
[PlyCount "81"]
[EventDate "2013.11.04"]

1. e4 c6 2. d4 d5 3. exd5 cxd5 4. Nf3 Nc6 5. c3 Bg4 6. Bd3 e6 7. Bf4 Bd6 8.
Bxd6 Qxd6 9. Nbd2 Nf6 10. O-O O-O 11. Qe1 Nd7 12. Qe3 Rfc8 13. Rfe1 Ne7 14. h3
Bf5 15. Bf1 h6 16. g4 Bh7 17. h4 Nf6 18. Ne5 Nd7 19. Nxd7 Qxd7 20. f4 Rc7 21.
Nf3 Qd6 22. h5 Be4 23. Ne5 b5 24. a3 a6 25. Bd3 Bxd3 26. Nxd3 Rb8 27. Re2 Rb6
28. Rf1 Kf8 29. Ne5 f6 30. Nd3 f5 31. g5 Nc8 32. Nc5 Re7 33. Rfe1 hxg5 34. fxg5
Kg8 35. g6 Rc6 36. b4 Nb6 37. Qg5 Qc7 38. Nxe6 Qd6 39. Nxg7 Re4 40. Nxf5 Qd7
41. Ne7+ 1-0

[Event "Druga liga Srbije grupa Vojvodina 2013"]
[Site "Stari Banovci"]
[Date "2013.11.07"]
[Round "6.6"]
[White "Galyas, Miklos"]
[Black "Stojanovic, Dalibor"]
[Result "1/2-1/2"]
[WhiteElo "2435"]
[BlackElo "2508"]
[PlyCount "20"]
[EventDate "2013.11.04"]

1. d4 d5 2. c4 c6 3. Nf3 Nf6 4. e3 Bg4 5. Nc3 e6 6. Qb3 Qb6 7. Nh4 Be7 8. h3
Bh5 9. g4 Bg6 10. Nxg6 hxg6 1/2-1/2

[Event "Druga liga Srbije grupa Vojvodina 2013"]
[Site "Stari Banovci"]
[Date "2013.11.07"]
[Round "6.6"]
[White "Ratkovic, Milovan"]
[Black "Vlahovic, Bogdan"]
[Result "1/2-1/2"]
[WhiteElo "2267"]
[BlackElo "2329"]
[PlyCount "34"]
[EventDate "2013.11.04"]

1. d4 f5 2. c4 e6 3. Nc3 Nf6 4. e3 Bb4 5. Qc2 b6 6. Bd3 Bxc3+ 7. bxc3 Bb7 8. f3
d6 9. Ne2 Qe7 10. O-O Nbd7 11. a4 a5 12. e4 fxe4 13. fxe4 e5 14. Ng3 g6 15. h3
O-O-O 16. Rb1 Rde8 17. Be3 Rhf8 1/2-1/2

[Event "Druga liga Srbije grupa Vojvodina 2013"]
[Site "Stari Banovci"]
[Date "2013.11.07"]
[Round "6.6"]
[White "Mijatovic, Dejan"]
[Black "Munizaba, Slobodan"]
[Result "1/2-1/2"]
[WhiteElo "2273"]
[BlackElo "2335"]
[PlyCount "22"]
[EventDate "2013.11.04"]

1. d4 c5 2. e3 Nf6 3. Nf3 e6 4. c4 cxd4 5. exd4 b6 6. Nc3 Bb7 7. Bd3 Be7 8. O-O
O-O 9. d5 Na6 10. Bf4 exd5 11. cxd5 d6 1/2-1/2

[Event "Druga liga Srbije grupa Vojvodina 2013"]
[Site "Stari Banovci"]
[Date "2013.11.07"]
[Round "6.6"]
[White "Ratkovic, Miloje"]
[Black "Lalic, Dragan"]
[Result "1/2-1/2"]
[WhiteElo "2273"]
[BlackElo "2266"]
[PlyCount "142"]
[EventDate "2013.11.04"]

1. d4 d5 2. c4 c6 3. Nc3 dxc4 4. e3 b5 5. a4 b4 6. Na2 e6 7. Bxc4 Nf6 8. Nf3
Bb7 9. O-O Nbd7 10. Bd2 a5 11. Nc1 Be7 12. Qe2 Ne4 13. Rd1 O-O 14. Be1 Qb6 15.
Nb3 Rac8 16. Rac1 Rfd8 17. Bd3 c5 18. Ne5 Bd5 19. Nxd7 Rxd7 20. Bxe4 Bxb3 21.
Bxh7+ Kxh7 22. Qd3+ g6 23. Qxb3 Rcd8 24. dxc5 Rxd1 25. Rxd1 Qxc5 26. Rxd8 Bxd8
27. Qd1 Bf6 28. b3 Bc3 29. Kf1 Qc7 30. h4 Qh2 31. g3 Qh1+ 32. Ke2 Qe4 33. f3
Qc6 34. Bf2 e5 35. Qd3 f5 36. e4 fxe4 37. Qxe4 Qe6 38. Qc4 Qe7 39. Qd5 Bd4 40.
Qxa5 Bxf2 41. Kxf2 e4 42. Qd5 exf3 43. Qxf3 Qc5+ 44. Kg2 Qc2+ 45. Kh3 Qc8+ 46.
Qg4 Qb7 47. Qd1 Qf7 48. Kg2 Qf5 49. Qf3 Qc2+ 50. Kh3 Qc8+ 51. g4 Qc3 52. Kg2
Qd2+ 53. Kg3 Qe1+ 54. Kf4 Qc1+ 55. Qe3 Qc7+ 56. Ke4 Qc6+ 57. Kd4 Qb6+ 58. Kd3
Qa6+ 59. Kd2 Qd6+ 60. Ke2 Qa6+ 61. Qd3 Qe6+ 62. Kf3 Qc6+ 63. Kf4 Qf6+ 64. Kg3
Qc3 65. Qf3 Qc7+ 66. Kh3 Qc3 67. Qg3 Qc1 68. Kh2 Qc2+ 69. Kg1 Qd1+ 70. Kf2 Qc2+
71. Kf1 Qd1+ 1/2-1/2

[Event "Druga liga Srbije grupa Vojvodina 2013"]
[Site "Stari Banovci"]
[Date "2013.11.07"]
[Round "6.6"]
[White "Milojevic, Dusan"]
[Black "Popov, Stevan"]
[Result "1/2-1/2"]
[WhiteElo "2231"]
[BlackElo "2188"]
[PlyCount "30"]
[EventDate "2013.11.04"]

1. e4 e5 2. Nf3 Nc6 3. Bb5 Nge7 4. O-O g6 5. c3 Bg7 6. d4 exd4 7. cxd4 d5 8. e5
O-O 9. h3 h6 10. Nc3 Bf5 11. Re1 a6 12. Bf1 Qd7 13. Na4 b6 14. Be3 Nb4 15. Re2
Bd3 1/2-1/2

[Event "Druga liga Srbije grupa Vojvodina 2013"]
[Site "Stari Banovci"]
[Date "2013.11.08"]
[Round "7.1"]
[White "Stojanovic, Dalibor"]
[Black "Sertic, Rudolf"]
[Result "1-0"]
[WhiteElo "2508"]
[BlackElo "2358"]
[PlyCount "71"]
[EventDate "2013.11.04"]

1. e4 e5 2. Bc4 Nf6 3. d3 c6 4. Nf3 d5 5. Bb3 Bd6 6. exd5 Nxd5 7. O-O O-O 8.
Re1 Re8 9. Nbd2 Nd7 10. Ne4 Bc7 11. Bg5 f6 12. Bd2 Nf8 13. d4 Ng6 14. c4 Nde7
15. dxe5 Nxe5 16. Nxe5 Bxe5 17. c5+ Nd5 18. Bc3 Bxc3 19. Nxc3 Rxe1+ 20. Qxe1
Kf7 21. Nxd5 cxd5 22. Qe4 Be6 23. Qxh7 Rc8 24. Re1 Qd7 25. Bc2 Rxc5 26. Bg6+
Kf8 27. Qh8+ Bg8 28. h4 Rc8 29. h5 Qg4 30. Bh7 Kf7 31. Bxg8+ Rxg8 32. Qh7 Qg5
33. h6 Qxh6 34. Qf5 Rd8 35. Qe6+ Kg6 36. Re3 1-0

[Event "Druga liga Srbije grupa Vojvodina 2013"]
[Site "Stari Banovci"]
[Date "2013.11.08"]
[Round "7.1"]
[White "Vujadinovic, Goran"]
[Black "Ratkovic, Milovan"]
[Result "1/2-1/2"]
[WhiteElo "2364"]
[BlackElo "2267"]
[PlyCount "81"]
[EventDate "2013.11.04"]

1. Nf3 d5 2. g3 Nc6 3. Bg2 e5 4. d3 Nf6 5. O-O Bd6 6. c3 O-O 7. Qc2 a5 8. Nbd2
Qe7 9. e4 dxe4 10. dxe4 Be6 11. Re1 Bc5 12. h3 Nh5 13. Nf1 f5 14. Bg5 Qf7 15.
Be3 Bxe3 16. fxe3 Qe7 17. exf5 Bxf5 18. Qb3+ Be6 19. Qxb7 Bd5 20. e4 Rab8 21.
Qa6 Qc5+ 22. Ne3 Bxe4 23. Ng5 Bxg2 24. Ne6 Bf1 25. c4 Bxc4 26. Qxc4 Qxc4 27.
Nxc4 Rf6 28. Nc5 Nd4 29. Nd7 Nf3+ 30. Kf2 Nxe1+ 31. Nxf6+ gxf6 32. Rxe1 Kf7 33.
b3 a4 34. bxa4 Rb4 35. Rc1 Rxa4 36. a3 Ke6 37. Rc3 c5 38. Ne3 Ra5 39. Nc4 Ra4
40. Ne3 Ra5 41. Nc4 1/2-1/2

[Event "Druga liga Srbije grupa Vojvodina 2013"]
[Site "Stari Banovci"]
[Date "2013.11.08"]
[Round "7.1"]
[White "Munizaba, Slobodan"]
[Black "Kolognat, Petar"]
[Result "1/2-1/2"]
[WhiteElo "2335"]
[BlackElo "2293"]
[PlyCount "93"]
[EventDate "2013.11.04"]

1. d4 Nf6 2. Nf3 d5 3. g3 c6 4. Bg2 Bf5 5. Nbd2 Nbd7 6. Nh4 e6 7. Nxf5 exf5 8.
c4 dxc4 9. Nxc4 Bb4+ 10. Bd2 Qe7 11. O-O Bxd2 12. Qxd2 O-O 13. b4 Ne4 14. Qb2
Rac8 15. Rfc1 g6 16. e3 Ndf6 17. Rc2 Nd5 18. a3 Rfd8 19. Rac1 a6 20. Ne5 h5 21.
Qb3 Kg7 22. Nd3 h4 23. Nc5 hxg3 24. hxg3 Rb8 25. a4 Nc7 26. Nxe4 fxe4 27. Rc5
Rd5 28. Bf1 Rbd8 29. b5 axb5 30. axb5 Ne6 31. Rxd5 cxd5 32. Be2 Qg5 33. Kg2 Rh8
34. Rh1 Rxh1 35. Kxh1 Qf5 36. Kg2 Ng5 37. g4 Qd7 38. b6 f5 39. Qb5 Qf7 40. Kg3
Kh6 41. Qc5 Ne6 42. Qxd5 f4+ 43. exf4 Qxf4+ 44. Kg2 e3 45. Qf3 Qxd4 46. Qxe3+
Qxe3 47. fxe3 1/2-1/2

[Event "Druga liga Srbije grupa Vojvodina 2013"]
[Site "Stari Banovci"]
[Date "2013.11.08"]
[Round "7.1"]
[White "Mastrapovic, Vladimir"]
[Black "Ratkovic, Miloje"]
[Result "0-1"]
[WhiteElo "2280"]
[BlackElo "2273"]
[PlyCount "140"]
[EventDate "2013.11.04"]

1. e4 c5 2. Nf3 d6 3. d4 Nf6 4. Nc3 cxd4 5. Nxd4 Nc6 6. Bc4 Qb6 7. Nb3 e6 8.
Be3 Qc7 9. f4 a6 10. a4 Be7 11. Be2 O-O 12. O-O Na5 13. Nxa5 Qxa5 14. Bf3 Bd7
15. Qd2 Kh8 16. g4 Bc6 17. b4 Qc7 18. g5 Ng8 19. Ne2 d5 20. e5 Qd7 21. Nd4 Bxa4
22. Bg4 Bb5 23. Rf3 Qc7 24. Rh3 Bd7 25. Be2 g6 26. Bd3 Rfc8 27. Rb1 Bf8 28. Qf2
Qd8 29. Qh4 h6 30. Qg4 Rc3 31. gxh6 Kh7 32. Nf3 Be7 33. Ng5+ Bxg5 34. fxg5 Ne7
35. Qf4 Nf5 36. Bxf5 gxf5 37. Rg3 Rc4 38. Bd4 Qg8 39. g6+ fxg6 40. c3 Qf8 41.
h4 Qxh6 42. Rg5 Bb5 43. Kf2 Be8 44. Rbg1 a5 45. bxa5 Rxa5 46. h5 Ra2+ 47. Ke3
Rc2 48. Qf1 Rh2 49. Qf4 Rxh5 50. Rxh5 gxh5 51. Rg5 Rc7 52. Kf2 Rg7 53. Rxg7+
Kxg7 54. Qg3+ Qg6 55. Qh4 b5 56. Be3 Bf7 57. Bg5 Kh7 58. Qf4 Qg8 59. Qg3 Qa8
60. Bd2 Qa7+ 61. Ke2 Qa4 62. Bf4 Qc2+ 63. Ke1 Bg6 64. Bd2 Qe4+ 65. Kf2 Qg4 66.
Qe3 Qh4+ 67. Kg1 Qg4+ 68. Kh2 f4 69. Qa7+ Kh6 70. Qf2 Kg5 0-1

[Event "Druga liga Srbije grupa Vojvodina 2013"]
[Site "Stari Banovci"]
[Date "2013.11.08"]
[Round "7.1"]
[White "Desnica, Vladan"]
[Black "Bogic, Stevan"]
[Result "1/2-1/2"]
[WhiteElo "2274"]
[BlackElo "2195"]
[PlyCount "159"]
[EventDate "2013.11.04"]

1. d4 Nf6 2. c4 g6 3. Nc3 Bg7 4. e4 d6 5. Nf3 O-O 6. Be2 Nbd7 7. O-O e5 8. Qc2
c6 9. d5 a5 10. Rd1 cxd5 11. cxd5 Nc5 12. Be3 b6 13. Nd2 Ng4 14. Bxg4 Bxg4 15.
f3 Bd7 16. a4 Qb8 17. Rdb1 Rc8 18. Qd1 Nd3 19. Ra3 b5 20. axb5 f5 21. Nf1 fxe4
22. Nxe4 Nb4 23. b6 Nc2 24. Bf2 Ra6 25. Rd3 Rxb6 26. Bxb6 Qxb6+ 27. Kh1 Nd4 28.
Rc3 Rf8 29. Ne3 Qa6 30. Nc4 Nb5 31. Rcc1 Bh6 32. Rc2 a4 33. Qe1 Nd4 34. Rc3 Nf5
35. Ra1 Bb5 36. Na3 Be8 37. Qf1 Qb7 38. Nc4 Qxd5 39. Ncxd6 Nxd6 40. Rd1 Qxe4
41. fxe4 Rxf1+ 42. Rxf1 Bf7 43. Rc6 Nxe4 44. Rc8+ Bf8 45. Ra8 Nc5 46. Rc1 Ne6
47. Re1 Kg7 48. Rxe5 Bd6 49. Rxe6 Bxe6 50. Rxa4 Kf6 51. b4 Bc4 52. Ra7 h5 53.
Rb7 Bd5 54. Rd7 Ke6 55. Rg7 Be4 56. b5 Bc5 57. Rg8 Kd6 58. Re8 Bf5 59. Rg8 Bb6
60. Re8 Kc5 61. Re5+ Kc4 62. Re7 Kxb5 63. Re8 Kc6 64. Re7 Bc5 65. Re8 Kd7 66.
Re1 Be6 67. Re2 Ke7 68. Re1 Kf6 69. Re2 Bf5 70. Re1 g5 71. h3 g4 72. hxg4 Bxg4
73. Kh2 Bd6+ 74. Kh1 Kg5 75. Re3 Bf4 76. Ra3 Bf5 77. Rb3 h4 78. Ra3 Be5 79. Rb3
Bg3 80. Kg1 1/2-1/2

[Event "Druga liga Srbije grupa Vojvodina 2013"]
[Site "Stari Banovci"]
[Date "2013.11.08"]
[Round "7.1"]
[White "Markovic, Dragan M"]
[Black "Orlov, Konstantin"]
[Result "0-1"]
[WhiteElo "2022"]
[BlackElo "2236"]
[PlyCount "105"]
[EventDate "2013.11.04"]

1. e4 c5 2. Nc3 d6 3. g3 g6 4. Bg2 Bg7 5. Nge2 Nf6 6. d4 cxd4 7. Nxd4 O-O 8. h3
a6 9. a4 Qc7 10. O-O Nc6 11. Nxc6 bxc6 12. a5 Rb8 13. Kh2 Rd8 14. Be3 c5 15.
Ra2 Be6 16. Nd5 Nxd5 17. exd5 Bf5 18. c3 Rb5 19. Qa1 Rdb8 20. Qc1 Rxa5 21. Rxa5
Qxa5 22. b4 cxb4 23. cxb4 Qxb4 24. Bh6 Rc8 25. Qe3 Qd4 26. Bxg7 Qxe3 27. fxe3
Kxg7 28. e4 Bd7 29. Rf2 Bb5 30. Bf1 Bxf1 31. Rxf1 Rc4 32. Re1 a5 33. e5 dxe5
34. Rxe5 Kf6 35. Re2 Rd4 36. Rf2+ Kg7 37. Re2 Kf8 38. Re5 a4 39. g4 a3 40. d6
Rxd6 41. Ra5 Rd2+ 42. Kg3 a2 43. g5 Kg7 44. Ra7 h6 45. h4 e6 46. Kg4 hxg5 47.
Kxg5 Kf8 48. Kf4 Ke8 49. Ke5 Kd8 50. Kf6 Rf2+ 51. Ke5 Rf5+ 52. Kd6 Rd5+ 53. Kc6
0-1

[Event "Druga liga Srbije grupa Vojvodina 2013"]
[Site "Stari Banovci"]
[Date "2013.11.08"]
[Round "7.2"]
[White "Jovanovic, Miroslav T"]
[Black "Galyas, Miklos"]
[Result "0-1"]
[WhiteElo "2044"]
[BlackElo "2435"]
[PlyCount "40"]
[EventDate "2013.11.04"]

1. e4 e6 2. d4 d5 3. Nc3 Bb4 4. exd5 exd5 5. Bd3 c6 6. Nge2 Nf6 7. a3 Bd6 8.
Bf4 O-O 9. O-O Bg4 10. f3 Bh5 11. Qd2 Bg6 12. Bxd6 Qxd6 13. Nf4 Nbd7 14. Rae1
Rfe8 15. Re2 Rxe2 16. Ncxe2 Nb6 17. Nc3 Re8 18. Nce2 Bxd3 19. Qxd3 Nc4 20. Rb1
b5 0-1

[Event "Druga liga Srbije grupa Vojvodina 2013"]
[Site "Stari Banovci"]
[Date "2013.11.08"]
[Round "7.2"]
[White "Vlahovic, Bogdan"]
[Black "Sekulic, Dusan"]
[Result "1/2-1/2"]
[WhiteElo "2329"]
[BlackElo "2298"]
[PlyCount "27"]
[EventDate "2013.11.04"]

1. Nf3 d6 2. d4 Nf6 3. b3 g6 4. Bb2 Bg7 5. Nbd2 O-O 6. g3 b6 7. Bg2 e5 8. dxe5
Ng4 9. O-O dxe5 10. b4 Be6 11. h3 Nh6 12. c3 f6 13. Qc2 Qc8 14. Nh2 1/2-1/2

[Event "Druga liga Srbije grupa Vojvodina 2013"]
[Site "Stari Banovci"]
[Date "2013.11.08"]
[Round "7.2"]
[White "Azaric, Slavko"]
[Black "Mijatovic, Dejan"]
[Result "1/2-1/2"]
[WhiteElo "2294"]
[BlackElo "2273"]
[PlyCount "35"]
[EventDate "2013.11.04"]

1. e4 c6 2. d3 d5 3. Nf3 Bg4 4. Be2 dxe4 5. dxe4 Qxd1+ 6. Bxd1 Nd7 7. O-O e5 8.
Be3 Bxf3 9. Bxf3 Bc5 10. Bd2 Ngf6 11. Nc3 O-O 12. Bg5 h6 13. Bxf6 Nxf6 14. Rfd1
Rfd8 15. Kf1 Kf8 16. Rxd8+ Rxd8 17. Rd1 Rxd1+ 18. Nxd1 1/2-1/2

[Event "Druga liga Srbije grupa Vojvodina 2013"]
[Site "Stari Banovci"]
[Date "2013.11.08"]
[Round "7.2"]
[White "Lalic, Dragan"]
[Black "Vencl, Radivoje"]
[Result "1/2-1/2"]
[WhiteElo "2266"]
[BlackElo "2284"]
[PlyCount "50"]
[EventDate "2013.11.04"]

1. Nf3 d5 2. c4 c6 3. g3 Nf6 4. Bg2 Bf5 5. b3 e6 6. Bb2 Nbd7 7. d3 Be7 8. Nbd2
O-O 9. O-O Qb6 10. Qc2 Rad8 11. a3 Ne8 12. b4 Bf6 13. c5 Qc7 14. e4 Bg6 15.
Rfe1 dxe4 16. dxe4 Ne5 17. Nxe5 Bxe5 18. Bxe5 Qxe5 19. Nc4 Qb8 20. Rad1 Nc7 21.
Ne5 Qc8 22. Nxg6 hxg6 23. e5 Rxd1 24. Rxd1 Nd5 25. Bxd5 exd5 1/2-1/2

[Event "Druga liga Srbije grupa Vojvodina 2013"]
[Site "Stari Banovci"]
[Date "2013.11.08"]
[Round "7.2"]
[White "Vucinic, Gojko"]
[Black "Sevo, Dusan"]
[Result "1-0"]
[WhiteElo "2294"]
[BlackElo "2238"]
[PlyCount "105"]
[EventDate "2013.11.04"]

1. e4 g6 2. d4 Bg7 3. Nc3 d6 4. Bg5 c6 5. Qd2 b5 6. O-O-O Qa5 7. Kb1 Nd7 8. e5
d5 9. e6 fxe6 10. Nxd5 Qxd2 11. Nc7+ Kf7 12. Bxd2 Rb8 13. Nf3 h6 14. c4 a6 15.
Bf4 Ngf6 16. Re1 Nh5 17. Nxe6 Nxf4 18. Nxf4 Rd8 19. Ne6 Re8 20. Nxg7 Kxg7 21.
Bd3 c5 22. Nh4 Rb6 23. cxb5 axb5 24. dxc5 Nxc5 25. Bc2 e5 26. Nf3 e4 27. Nd2
Rf6 28. f3 Rd8 29. Nxe4 Nxe4 30. Bxe4 Rd2 31. Rc1 Bf5 32. Bxf5 Rxf5 33. Rc2
Rfd5 34. a3 h5 35. Rhc1 h4 36. h3 Kf6 37. Rxd2 Rxd2 38. Rc2 Rd5 39. Re2 Rg5 40.
Kc2 Kf5 41. Kb3 Kf4 42. a4 bxa4+ 43. Kxa4 Kg3 44. b4 Kh2 45. b5 Rxg2 46. Rxg2+
Kxg2 47. b6 Kxh3 48. b7 Kg2 49. b8=Q h3 50. Qb2+ Kg3 51. Qe5+ Kg2 52. Qg5+ Kxf3
53. Qxg6 1-0

[Event "Druga liga Srbije grupa Vojvodina 2013"]
[Site "Stari Banovci"]
[Date "2013.11.08"]
[Round "7.2"]
[White "Popov, Stevan"]
[Black "Stojanovic, Vlastimir"]
[Result "1/2-1/2"]
[WhiteElo "2188"]
[BlackElo "2205"]
[PlyCount "47"]
[EventDate "2013.11.04"]

1. e4 d5 2. exd5 Nf6 3. Nc3 Nxd5 4. Nge2 Nb6 5. g3 Bg4 6. Bg2 Nc6 7. h3 Bh5 8.
d3 e5 9. Be3 Be7 10. Qd2 O-O 11. O-O Re8 12. g4 Bg6 13. f4 exf4 14. Nxf4 Bg5
15. Rae1 Qd6 16. Nxg6 Rxe3 17. Rxe3 Qd4 18. Nf4 Nc4 19. Qf2 Bxf4 20. Qxf4 Qxe3+
21. Kh2 Qxf4+ 22. Rxf4 Nd6 23. Bxc6 bxc6 24. Rf2 1/2-1/2

[Event "Druga liga Srbije grupa Vojvodina 2013"]
[Site "Stari Banovci"]
[Date "2013.11.08"]
[Round "7.3"]
[White "Pezelj, Novak"]
[Black "Runic, Zoran"]
[Result "1-0"]
[WhiteElo "2352"]
[BlackElo "2424"]
[PlyCount "89"]
[EventDate "2013.11.04"]

1. e4 c5 2. Nf3 d6 3. Bb5+ Nd7 4. O-O a6 5. Bxd7+ Bxd7 6. d4 cxd4 7. Qxd4 e5 8.
Qd3 h6 9. b3 Nf6 10. c4 Bc6 11. Nc3 Be7 12. a4 b5 13. Nd2 bxa4 14. Nxa4 O-O 15.
Nc3 Qb6 16. Qe2 Rfe8 17. Ba3 a5 18. Kh1 Bf8 19. Rfd1 Nd7 20. Nd5 Qa7 21. Nf1
Reb8 22. Rab1 Nc5 23. Bxc5 Qxc5 24. Nfe3 Ra7 25. Rb2 Rab7 26. Rdb1 g6 27. h4
Bg7 28. h5 Kh7 29. g3 Bd7 30. Kg2 Be6 31. Qc2 Kg8 32. Ra1 Ra7 33. Rba2 Rba8 34.
Qc3 Kh7 35. Qd2 Qd4 36. Qc2 Bf8 37. Rd1 Qc5 38. f4 exf4 39. gxf4 Bxd5 40. Nxd5
Kg7 41. Qd3 Qc8 42. f5 Rb7 43. hxg6 fxg6 44. Rh1 Qe8 45. Rxh6 1-0

[Event "Druga liga Srbije grupa Vojvodina 2013"]
[Site "Stari Banovci"]
[Date "2013.11.08"]
[Round "7.3"]
[White "Radusinovic, Lazar"]
[Black "Robulj, Nenad"]
[Result "1/2-1/2"]
[WhiteElo "2281"]
[BlackElo "2322"]
[PlyCount "26"]
[EventDate "2013.11.04"]

1. d4 Nf6 2. Nf3 b5 3. g3 Bb7 4. Bg2 e6 5. O-O Be7 6. a4 b4 7. c4 a5 8. b3 O-O
9. Bb2 d6 10. Nbd2 Nbd7 11. Qc2 c5 12. e4 cxd4 13. Nxd4 Nc5 1/2-1/2